| 000 | 00976naa a22002057a 4500 | ||
|---|---|---|---|
| 008 | 230828e20240124xxk||||os||||o00| 0 eng d | ||
| 041 | _aeng | ||
| 245 | _aTriathlon Homes LLP v Stratford Village Development and Ors | ||
| 260 |
_a[2024] UKFTT 26 (PC) _bFirst-Tier Tribunal Property Chamber _c19 January 2024 |
||
| 520 | _aOther parties: Get Living PLC and East Village Management Limited. A remediation contribution order, in terms of the Building Safety Act 2022 s.124, could be made in respect of costs incurred before the commencement of the Act | ||
| 650 | _aBUILDING SAFETY ACT 2022 | ||
| 650 | _aCLADDING | ||
| 650 | _aFIRE SAFETY | ||
| 650 | _aJUDGMENT | ||
| 650 | _aLANDLORD AND TENANT ACT 1985 | ||
| 650 | _aREMEDIATION | ||
| 650 | _aREMEDIATION ORDERS | ||
| 651 | _aUnited Kingdom | ||
| 856 |
_uhttps://www.judiciary.uk/wp-content/uploads/2024/01/Triathlon-Homes-LLP-v-Stratford-Villa-Development-Partnership-and-others-judgment.pdf _zAvailable from FTT |
||
| 999 |
_c121899 _d121899 |
||